A homonnai Kereskedelmi és Iparbank r.t...

Glosa kladne hodnotí činnosť Humenskej obchodnej a priemyselnej banky, učastinnej spoločnosti, tak ako to odznelo na výročnej schôdzi v Humennom 8. februára 1914.

Podrobná bibliografia
Médium: Článok
Jazyk:Hungarian
Témy:
Zdroj: 1. Felvidéki Hirlap 1. Roč. 7, č. 7 (15.02.1914) s. 2
LEADER 00995nab#a2200301#ar4500
001 000074432
003 SVKKK
005 20041227xxxxxxx.
008 06 c xo huno
FMT
038 |a SVKKK 
040 |a SVKKK  |b slo  |e AACR2 
041 0 |a hun 
044 |a xo  |c SK 
080 |a 336 
242 1 0 |a Humenská Obchodná a priemyselná banka, úč. spoloč. 
245 0 0 |a A homonnai Kereskedelmi és Iparbank r.t... 
500 |a mikrofilm 
520 2 |a Glosa kladne hodnotí činnosť Humenskej obchodnej a priemyselnej banky, učastinnej spoločnosti, tak ako to odznelo na výročnej schôdzi v Humennom 8. februára 1914. 
650 0 4 |a bankovníctvo - Humenská obchodná a priemyselná banka - schôdza výročná - Humenné - 8.02.1914 - hodnotenie činnosti - glosy 
773 0 |t Felvidéki Hirlap  |g Roč. 7, č. 7 (15.02.1914) s. 2 
957 |a Humenné 
958 |a DG 
958 |a SK 
974 |a Ba  |d 20041227 
992 |a RBX 
BAS
998 |a RETRO